Statistics for Most Populous Countries and Cities That Start With E

Click here to take the quiz!

General Stats

  • This quiz has been taken 48 times
    (8 since last reset)
  • The average score is 6 of 8

Answer Stats

HintPopulationAnswer% Correct
Country5.06 mEritrea
100%
Country104 mEthiopia
100%
Country96 mEgypt
86%
Country16.9 mEcuador
71%
Country6.5 mEl Salvador
71%
City1.33 mEdmonton
57%
City1.03 mEl Paso
43%
City1.65 mEcatepec de Morelos
29%

Score Distribution

Percentile by Number Answered

Percent of People with Each Score

Your Score History

You have not taken this quiz since the last reset